Movies Quiz

Random Movies or Rock Quiz

Name the dialogue from The Rock's shower room scene Quiz Stats

 Plays Quiz not verified by Sporcle

Challenge
Share
Tweet
Embed
Score 0/300 Timer 20:00
0 Plays Today
Word % Correct
I
96.4%
I
96.4%
I
96.4%
I
96.4%
I
96.4%
I
96.4%
a
96.4%
you
95.2%
you
95.2%
you.
95.2%
you
95.2%
You
95.2%
you
95.2%
you
95.2%
You
95.2%
you
95.2%
You
95.2%
you
95.2%
you
95.2%
you
95.2%
the
91.7%
the
91.7%
we
91.7%
the
91.7%
the
91.7%
The
91.7%
the
91.7%
We
91.7%
we
91.7%
the
91.7%
the
91.7%
the
91.7%
the
91.7%
the
91.7%
the
91.7%
that
89.3%
do
89.3%
that?
89.3%
that
89.3%
that
89.3%
that
89.3%
that
89.3%
me.
89.3%
me.
89.3%
your
88.1%
your
88.1%
Your
88.1%
were
88.1%
your
88.1%
your
88.1%
your
88.1%
your
88.1%
your
88.1%
your
88.1%
go...
88.1%
go
88.1%
go
88.1%
go.
88.1%
an
86.9%
No
86.9%
is
85.7%
give
85.7%
is
85.7%
not
85.7%
give
85.7%
give
85.7%
not
85.7%
not
85.7%
give
85.7%
is
85.7%
will
84.5%
order
84.5%
to
84.5%
and
84.5%
to
84.5%
and
84.5%
order.
84.5%
to
84.5%
and
84.5%
to
84.5%
it
84.5%
to
84.5%
order!
84.5%
order!
84.5%
will
84.5%
order!
84.5%
order
84.5%
to
84.5%
and
84.5%
This
83.3%
for
83.3%
this
83.3%
men
82.1%
men
82.1%
we're
82.1%
men
82.1%
men
82.1%
We're
82.1%
here
81%
here.
81%
Word % Correct
can't
81%
here.
81%
down
81%
here.
81%
General
79.8%
weapons.
79.8%
General
79.8%
weapons
79.8%
General
79.8%
General,
79.8%
there,
79.8%
weapons,
79.8%
weapons
79.8%
weapons!
79.8%
weapons!
79.8%
have
78.6%
Sir
78.6%
you're
78.6%
sir...
78.6%
in
78.6%
Don't
78.6%
you're
78.6%
have
78.6%
have
78.6%
you're
78.6%
up
78.6%
Don't
78.6%
Don't.
78.6%
Don't
78.6%
of
77.4%
on
77.4%
God
77.4%
god
77.4%
of
77.4%
on
77.4%
on
77.4%
god
77.4%
God
77.4%
on
77.4%
god.
77.4%
on
77.4%
Let
77.4%
of
77.4%
Let
77.4%
of
77.4%
know
76.2%
with
76.2%
know
76.2%
from
76.2%
as
76.2%
with
76.2%
fire!
76.2%
fire!
76.2%
fire!
76.2%
fire!
76.2%
fire!
76.2%
Hummel,
75%
'em
75%
them
75%
their
75%
them
75%
all
75%
one
75%
all
75%
'em
75%
Stand
75%
one
75%
their
75%
them
75%
man?
75%
Stand
75%
One
75%
their
75%
them
75%
Stand
75%
'em
75%
right
73.8%
what
73.8%
am
73.8%
What
73.8%
my
73.8%
But
72.6%
well
72.6%
die
72.6%
but
72.6%
doesn't
72.6%
last
72.6%
time,
72.6%
tell
72.6%
last
72.6%
time,
72.6%
drop
71.4%
Drop
71.4%
why
71.4%
position
71.4%
wrong
71.4%
drop
71.4%
wrong
71.4%
Drop
71.4%
Drop
71.4%
Word % Correct
Drop
71.4%
Hummel,
70.2%
Commander,
70.2%
Commander
70.2%
Commander.
70.2%
want,
70.2%
Commander!
70.2%
Commander,
70.2%
dead.
70.2%
any
69%
damn
69%
I'm
69%
Marines,
69%
damn
69%
hell
69%
Hold
69%
Hold
69%
Anderson
67.9%
Anderson
67.9%
knows
67.9%
has
67.9%
call
67.9%
these
67.9%
if
66.7%
agree
66.7%
like
66.7%
elevated
66.7%
again.
66.7%
under
66.7%
oath
65.5%
mutiny.
65.5%
room
65.5%
repeat
65.5%
Oh
65.5%
Let's
65.5%
Cease
65.5%
Cease
65.5%
Cease
65.5%
country
64.3%
foreign,
64.3%
domestic.
64.3%
forgotten
64.3%
****
64.3%
cannot
64.3%
****.
64.3%
lives
63.1%
place
63.1%
we've
63.1%
unit
63.1%
gonna
63.1%
anything
63.1%
by
63.1%
gonna
63.1%
place
63.1%
deck.
61.9%
swore
61.9%
same
61.9%
blood
61.9%
same
61.9%
into
61.9%
deck.
61.9%
waste
61.9%
deck...
61.9%
It's
61.9%
It's
61.9%
out
60.7%
United
60.7%
States
60.7%
fast!
60.7%
fast!
60.7%
****.
60.7%
fast!
60.7%
over.
60.7%
safety
59.5%
defend
59.5%
ask
59.5%
safety
59.5%
enemies;
58.3%
covered
58.3%
stupid.
58.3%
pissed
58.3%
walked
58.3%
spilled
57.1%
safety
57.1%
against
56%
Pentagon,
56%
dammit
56%
mud.
54.8%
trap.
54.8%
Just
54.8%
some
53.6%
****
53.6%
team
52.4%
following
51.2%
concern
50%
remember,
47.6%
leader.
46.4%
shipmates
46.4%
sit
41.7%
tight.
40.5%

You're not logged in!

Compare scores with friends on all Sporcle quizzes.
Join for Free
OR
Log In

You Might Also Like...

Show Comments

Extras

Top Quizzes Today


Score Distribution

Your Account Isn't Verified!

In order to create a playlist on Sporcle, you need to verify the email address you used during registration. Go to your Sporcle Settings to finish the process.

Report this User

Report this user for behavior that violates our Community Guidelines.

Details: